LDR 01137naa#a2200229#i#450# 001 RU\\bibl\106288 005 20260429202045.3 011 ## _a2071-7318 100 ## _a20260409b2026####ek#y0rusy0150####ca 102 ## _aRU 200 1# _aВЛИЯНИЕ СОДЕРЖАНИЯ ИНТЕНСИФИКАТОРА НА КИНЕТИКУ ПОМОЛА СТЕКЛА СИСТЕМЫ SrO–Al2O3–SiO2–P2O5–F _eЖурнальная статья 210 1# _aБелгород _cБелгородский государственный технологический университет им. В.Г. Шухова _d2026 215 ## _a8 с. 608 ## _aЖурнальная статья _2local 675 ## _aСтекольная промышленность. Технология стекла. Общие сведения о производстве стекла. Стекло в целом. 666.1 _z 700 #1 _aБузов _gА. А. 700 #1 _aТрубицын _gМ. А. 700 #1 _aБелоусова _gА. А. 700 #1 _aВоловичева _gН. А. 700 #1 _aФурда _gЛ. В. 700 #1 _aЛисняк _gВ. В. 856 4# _abulletinbstu.editorum.ru _u